00931 2200181 4500001002100000005001500021035002000036245004200056100001900098250001700117300002800134260003900162082001200201084001900213020002200232650002500254520047000279INLIS00000000000024320240529075159 a0010-05240001651 aEnsiklopedia Fisika /cWindy Putranto0 aWindy Putranto acetakan ke-1 a56 hlm :bilus ;c25 cm aBekasi :bUranus Publishing,c2011 a620.003 a620.003 WIN e a978-602-863-721-3 4aEnsiklopedia, Fisika aSiapa bilang belajar fisika itu susah. Malah, fisika itu sesuatu yang meng- asyikan. Belajar fisika akan sangat men- yenangkan karena berhubungan erat dengan kehidupan sehari-hari kita. Tahukah kamu tentang E=MC2 rumus terkenal ciptaan Enstein ini adalah rumus populer yang banyak membantu manusia memecahkan masalah teknologi dan sains. Nah, selamat membaca ya, dan jangan lupa untuk berani bertanya pada orang tua, guru, atau teman kalau ada yang tidak dimengerti